[Event "SA-2017-0-00609"]
[Site "LSS email"]
[Date "2017.11.27"]
[Round "?"]
[White "Willmann, Bernd"]
[Black "Zhang, Richard"]
[Result "1-0"]
[WhiteElo "2280"]
[BlackElo "2003"]
[PlyCount "23"]
[EventDate "2017.11.04"]
[EventType "tourn (corr)"]
[EventRounds "6"]
[EventCountry "GER"]
[SourceTitle "Corr 2022"]
[Source "ChessBase"]
[SourceDate "2021.10.24"]
[SourceVersion "1"]
[SourceVersionDate "2021.10.24"]
[SourceQuality "1"]

1. d4 Nf6 2. c4 c5 3. d5 e6 4. Nc3 exd5 5. cxd5 d6 6. e4 g6 7. Nf3 a6 8. a4 Bg4 9. Be2 Bxf3 10. Bxf3 Nbd7 11. 0-0 Bg7 12. Bf4 1-0

[Event "OP-2017-0-04477"]
[Site "LSS email"]
[Date "2017.11.23"]
[Round "?"]
[White "Zhang, Richard"]
[Black "Meissner, Ruediger"]
[Result "0-1"]
[WhiteElo "2003"]
[BlackElo "2128"]
[PlyCount "44"]
[EventDate "2017.11.16"]
[EventType "tourn (corr)"]
[EventRounds "4"]
[EventCountry "GER"]
[SourceTitle "Corr 2022"]
[Source "ChessBase"]
[SourceDate "2021.10.24"]
[SourceVersion "1"]
[SourceVersionDate "2021.10.24"]
[SourceQuality "1"]

1. e4 c5 2. Nf3 d6 3. d4 cxd4 4. Nxd4 Nf6 5. Nc3 a6 6. Bg5 e6 7. f4 h6 8. Bh4 Qb6 9. a3 Be7 10. Bf2 Qc7 11. Qf3 Nbd7 12. 0-0-0 b5 13. g4 g5 14. h4 gxf4 15. Be2 Ne5 16. Qxf4 b4 17. axb4 Nexg4 18. Bxg4 e5 19. Qxf6 Bxf6 20. Nd5 Qd8 21. Nf5 Bxf5 22. Bxf5 Rb8 0-1

[Event "CAN-ch U08"]
[Site "Quebec"]
[Date "2008.07.17"]
[Round "7"]
[White "Zhang, Richard"]
[Black "Lepage, Draven"]
[Result "1-0"]
[WhiteElo "962"]
[BlackElo "991"]
[PlyCount "45"]
[EventDate "2008.07.14"]
[EventType "swiss"]
[EventRounds "7"]
[EventCountry "CAN"]
[SourceTitle "EXT 2011"]
[Source "ChessBase"]
[SourceDate "2010.11.26"]
[SourceVersion "1"]
[SourceVersionDate "2010.11.26"]
[SourceQuality "1"]

1. e4 e5 2. Nf3 Nc6 3. Bb5 Nf6 4. 0-0 Nxe4 5. Re1 Nf6 6. Bxc6 dxc6 7. Nxe5 Bd6 8. Nxc6+ Qe7 9. Nxe7 Bxe7 10. Qe2 Nd5 11. Qe4 Be6 12. Nc3 Nxc3 13. dxc3 Rd8 14. Bf4 Bd6 15. Bxd6 cxd6 16. Qxb7 Rd7 17. Qa8+ Rd8 18. Qxa7 Rc8 19. f4 g6 20. Qd4 Rg8 21. Qxd6 f5 22. Rxe6+ Kf7 23. Qe7# 1-0

[Event "CAN-ch U08"]
[Site "Quebec"]
[Date "2008.07.16"]
[Round "5"]
[White "Zhang, Richard"]
[Black "Kassam, Jamil"]
[Result "1/2-1/2"]
[WhiteElo "962"]
[BlackElo "1210"]
[PlyCount "116"]
[EventDate "2008.07.14"]
[EventType "swiss"]
[EventRounds "7"]
[EventCountry "CAN"]
[SourceTitle "EXT 2011"]
[Source "ChessBase"]
[SourceDate "2010.11.26"]
[SourceVersion "1"]
[SourceVersionDate "2010.11.26"]
[SourceQuality "1"]

1. e4 e5 2. Nf3 Nc6 3. Bb5 a6 4. Bxc6 dxc6 5. d4 exd4 6. Qxd4 Qxd4 7. Nxd4 Bc5 8. Be3 Nf6 9. Nc3 Ng4 10. 0-0-0 Nxe3 11. fxe3 0-0 12. Rde1 Bb4 13. Nde2 Bg4 14. a3 Bc5 15. Nd4 Rad8 16. h3 Bh5 17. g4 Bg6 18. Rd1 Rfe8 19. Rd3 Bxe4 20. Nxe4 Rxe4 21. Rhd1 h6 22. b4 Bxd4 23. Rxd4 Rdxd4 24. exd4 Re3 25. d5 Rxa3 26. dxc6 Ra1+ 27. Kd2 Rxd1+ 28. Kxd1 bxc6 29. Kd2 Kf8 30. Kc3 Ke8 31. Kc4 Kd7 32. Kc5 f6 33. h4 h5 34. gxh5 f5 35. Kd4 f4 36. Ke4 f3 37. Kxf3 c5 38. c3 cxb4 39. cxb4 c5 40. bxc5 a5 41. Ke2 a4 42. Kd2 a3 43. Kc2 a2 44. Kb2 Kc6 45. Kxa2 Kxc5 46. Kb3 Kd4 47. Kc2 Ke4 48. Kd2 Kf4 49. Ke2 Kg4 50. h6 gxh6 51. Kf2 Kxh4 52. Kg2 Kg4 53. Kh2 h5 54. Kg2 h4 55. Kh2 h3 56. Kh1 Kg3 57. Kg1 h2+ 58. Kh1 Kh3 1/2-1/2